zpět

Detail výsledku týmu

The Pub Praha 2 ST, Praha

Datum a čas kvízu

26 Celkem bodů Celkový počet nahraných bodů na tomto kvízu bez doplňovacích otázek.
13. Pořadí na kvízu Konečné umístění týmu na tomto kvízu.

Zaznamenané odpovědi

# Otázka Odpověď Body Výsledky
1. Jak se jmenuje pirátský poslan... Jakub Michálek 0
2. V neděli 19. listopadu půjde d... Napoleon Bonaparte 1
3. Jedna hvězda akčních filmů zav... Jean-Claude Van Damme 1
4. Ostravský rodák Karel Orlita,... exorcistů (vymítačů ďábla). 0
5. V Mexiku se konal vrchol tenis... Iga Świątek, Jessica Pegula 0
6. Fiktivní věda může být ta, kte... warp 1
7. Od konce 19. století už je pře... éter 1
8. V sci-fi knižní sérii Nadace s... Isaac Asimov 1
9. Mezi lety 2004 a 2010 byl v pr... Ztraceni, J.J. Abrams 0
10. Nemůžeme opomenout Járu Cimrma... dvoudílné plavky 0